| 000 | nam a22 7a 4500 | ||
|---|---|---|---|
| 999 |
_c21281 _d21281 |
||
| 008 | 170121b xxu||||| |||| 00| 0 eng d | ||
| 020 | _a9780073527826 | ||
| 050 | _aHD 57.7 .M86 2008 | ||
| 100 |
_aMunro, Joyce Huth _d2008. |
||
| 245 |
_aRoundtable viewpoints organizational leadership/ _cJoyce Huth Munro |
||
| 260 |
_aDubuque, Iowa : _bMcGraw-Hill, _c2008. |
||
| 300 |
_axxiii, 376 pages : _billustrations ; _c24cm. |
||
| 521 | _aIncludes index. | ||
| 650 | _aLeadership. | ||
| 650 | _aIndustrial management. | ||
| 942 |
_2lcc _cBOOKS _hHD 57.7 .M86 2008 |
||